000 00270nam a2200121Ia 4500
008 190216s9999||||xx |||||||||||||| ||und||
100 _aOmkar Sarad
245 0 _aHindi-Lanka Maharajin
260 _bSahithya Prakashan
300 _a152
650 _aHindi
942 _cBK
999 _c16286
_d16286